header

Oversold and underused (Record no. 59122)

MARC details
000 -LEADER
fixed length control field 01214nam a2200301Ia 4500
100 1# - MAIN ENTRY--AUTHOR NAME
Personal name Cuban, Larry.
245 10 - TITLE STATEMENT
Title Oversold and underused
260 ## - PUBLICATION, DISTRIBUTION, ETC. (IMPRINT)
Place of publication Cambridge, MA :
Name of publisher Harvard University Press,
Year of publication c2001.
300 ## - PHYSICAL DESCRIPTION
Number of Pages 250 p.
650 #0 - SUBJECT ADDED ENTRY--TOPICAL TERM
Topical Term Computer-assisted instruction
Topical Term Educational technology
856 40 - ELECTRONIC LOCATION AND ACCESS
Uniform Resource Identifier http://site.ebrary.com/lib/rucke/Doc?id=10315841

No items available.

© 2026 Rongo University
Contact us: librarian | system librarian | Rongo university